000 00341nam a2200133Ia 4500
008 240624s9999 xx 000 0 und d
041 _aeng
082 _a658.4038011 MCM
100 _aMCMANUS JOHN
245 _aINFORMATION SYSTEMS PROJECT MANAGEMENT M
260 _c2004
_aNew Delhi
_bPearson Education
300 _axvi, : 294
365 _cRS
999 _c1623
_d1623